000 01534nam2a22002411 4500
001 rc\450363
005 20250621134808.0
035 _a(NLR Aleph) 005807713
090 _a5358563
_c5358563
100 _a20030616d1988 |||y0rusy50 ca
101 0 _arus
102 _aRU
105 _ay |||||||||
200 0 _aВып. 1
210 _d1988
_aБ. м.
215 _a40 с.
333 _aДСП. Экз. № 0009
461 0 _1001rc\450362
_12001#$aСправочные материалы по обобщенным базовым показателям и зарубежным аналогам основных видов выпускаемого отраслью оборудования$fМ-во тяжелого, энерг. и трансп. машиностроения СССР, ЦНИИТЭИтяжмаш$g[Принимали участие С.И. Мочан и др.]$vВып. 1
_95358557
_cМ.
_d1988
_fМ-во тяжелого, энерг. и трансп. машиностроения СССР, ЦНИИТЭИтяжмаш
_nОтрасл. н.-и. отд. анализа и синтеза зарубеж. науч.-техн. и конъюнкт. информ.
_tСправочные материалы по обобщенным базовым показателям и зарубежным аналогам основных видов выпускаемого отраслью оборудования
_vВып. 1
801 0 _aRU
_bNLR
_gpsbo
801 1 _aRU
_bELAR
_2rusmarc
852 _aNLR
_j89-50К/2340
942 _cBOOK
980 _aNB